Central Library || Chittagong University

A Critical history of western Philosophy (Record no. 85892)

MARC details
000 -LEADER
fixed length control field 00485nam a2200217 454500
001 - CONTROL NUMBER
control field 085892
003 - CONTROL NUMBER IDENTIFIER
control field BD-ChCU
008 - FIXED-LENGTH DATA ELEMENTS--GENERAL INFORMATION
fixed length control field Eng
020 ## - INTERNATIONAL STANDARD BOOK NUMBER
International Standard Book Number
040 ## - CATALOGING SOURCE
Original cataloging agency DLC
Transcribing agency DLC
Modifying agency BD-ChCU
082 00 - DEWEY DECIMAL CLASSIFICATION NUMBER
Classification number 182/OCC
100 1# - MAIN ENTRY--PERSONAL NAME
Personal name -
Numeration -
245 10 - TITLE STATEMENT
Title A Critical history of western Philosophy
Remainder of title -
250 ## - EDITION STATEMENT
Edition statement -
260 ## - PUBLICATION, DISTRIBUTION, ETC.
Place of publication, distribution, etc. New York
Name of publisher, distributor, etc. Free Press
Date of publication, distribution, etc. 1964
300 ## - PHYSICAL DESCRIPTION
Extent vi, 604p
504 ## - BIBLIOGRAPHY, ETC. NOTE
Bibliography, etc. note
650 #0 - SUBJECT ADDED ENTRY--TOPICAL TERM
Topical term or geographic name entry element Philosophy-Ancient
Topical term following geographic name entry element Philosophy
700 1# - ADDED ENTRY--PERSONAL NAME
Personal name O'Connor, D.J
942 ## - ADDED ENTRY ELEMENTS (KOHA)
Source of classification or shelving scheme Dewey Decimal Classification
Koha item type Books
Holdings
Withdrawn status Lost status Source of classification or shelving scheme Damaged status Not for loan Home library Current library Shelving location Date acquired Source of acquisition Total Checkouts Full call number Barcode Date last seen Copy number Price effective from Koha item type Public note
    Dewey Decimal Classification     Chittagong University Library Chittagong University Library General Stacks 06/14/2015 -   182/OCC 92963 09/13/2015 1 09/13/2015 Books -
    Dewey Decimal Classification     Chittagong University Library Chittagong University Library General Stacks 06/14/2015 -   182/OCC 98448 09/13/2015 2 09/13/2015 Books -
    Dewey Decimal Classification     Chittagong University Library Chittagong University Library General Stacks 06/14/2015 -   182/OCC 98449 09/13/2015 3 09/13/2015 Books -
    Dewey Decimal Classification     Chittagong University Library Chittagong University Library General Stacks 06/14/2015 -   182/OCC 98450 09/13/2015 4 09/13/2015 Books -
© Copyright 2026. Chittagong University Library, Installation and Maintenance by Prof. Dr. Md. Alamgir, 01711306253